[Event "North Wales Congress Major"]
[Site "Llandudno"]
[Date "2019.06.22"]
[Round "2.21"]
[White "Taylor, Robert P"]
[Black "Barber, Andrew"]
[Result "1-0"]
[WhiteElo "1673"]
[BlackElo "1860"]
[Annotator "kemen"]
[PlyCount "67"]
[EventDate "2019.??.??"]

{[%evp 0,67,21,14,27,0,14,30,58,3,3,-8,-9,-14,14,0,-10,-30,19,26,26,0,0,0,0,2,
-6,-79,-58,-59,-49,-63,6,6,15,-20,88,0,-49,-139,-22,-22,100,93,84,84,128,127,
152,29,34,16,34,33,40,32,51,-17,60,52,130,125,129,127,125,98,715,252,29993,
1491]} 1. d4 Nf6 2. Bg5 c5 3. d5 e6 (3... Qb6 {main}) 4. dxe6 {cedes the
centre- it's similar to a Blumenfeld Gambit but without the pawn sacrifice on
b5} (4. Nc3) (4. c4) 4... fxe6 5. Nf3 (5. e4 {main}) 5... Nc6 (5... Be7 {22%
for Wh}) 6. Nc3 Be7 7. e4 O-O 8. Bd3 (8. Be2 {2 Wh wins, 1 draw}) 8... Ng4 $146
(8... Kh8 9. O-O d5 10. Bxf6 Bxf6 11. Re1 d4 12. Nb1 e5 {Kiwitter-Beil, St
Ingbert op 1989,0-1}) (8... d5 9. exd5 exd5 10. Bxf6 Bxf6 11. Nxd5 Bxb2 12. Rb1
Qa5+ 13. Qd2 Qxa2 14. c4 Re8+ 15. Ne3 Nb4 16. Bc2 (16. O-O $17) 16... Bc3 $19
17. Qxc3 Nxc2+ 18. Kd2 Nxe3+ 19. Kc1 Bf5 20. Ra1 Qxc4 {Monteiro-Perrone, Rio
de Janeiro CXG op 2001,0-1}) 9. Bxe7 Qxe7 10. h3 Nge5 11. Nxe5 Nxe5 12. Be2 (
12. O-O $11) 12... b6 13. Nb5 Bb7 (13... d5 14. exd5 Bb7 15. O-O exd5 $17) 14.
Nd6 Bc6 (14... Qg5) 15. O-O Ng6 (15... Nf7 16. Nxf7 Rxf7 17. Bd3 Qg5 18. Qe2
Raf8 19. c3 Rf4 20. f3 d5 21. exd5 Bxd5 22. Kh2 c4 23. Bc2 h5 $11 {Komodo13})
16. g3 Qg5 17. Kh2 Rf6 18. Bb5 (18. f4 $16) 18... Raf8 19. Qe2 (19. f4 Nxf4 20.
gxf4 Rxf4 21. Qd2 Qe5 22. Kg1 Bxb5 23. Nxb5 Qg5+ 24. Kh2 (24. Qg2 Rxf1+ 25.
Rxf1 Rxf1+ 26. Kxf1 Qc1+ 27. Kf2 Qxb2 28. Qf1 a6 29. Nc7 Qxc2+ 30. Qe2 Qc1 31.
Nxa6 Qf4+ 32. Kg2 Qg5+ $15 {Komodo13 prefers pawnsas the N is a little offside}
)) 19... Nf4 $19 (19... Bxb5 20. Nxb5 Rf3 $19 21. Rad1 Qh5 22. Rd3 Ne5 23. Nxa7
Ng4+ 24. Kg2 Rxf2+ 25. Rxf2 Rxf2+ 26. Qxf2 Nxf2 27. Kxf2 d5 $19 {Komodo13}) 20.
Qe3 Rg6 (20... Qh5 $1 21. gxf4 (21. g4 Qe5 22. Nc4 Qb8 23. e5 Bxb5 24. exf6
Bxc4 25. fxg7 Rf7 $19 {Komodo13}) 21... Bxb5 (21... Rxf4 22. Qg3 Bxb5 23. Nxb5
Rf3 $19) 22. f5 (22. Nxb5 Rxf4 23. Qg3 Rf3 $19) 22... Bxf1 23. Rxf1 exf5 24.
Nxf5 g6 25. Ng3 Qe5 $19 {Komodo13}) (20... Bxb5 21. Nxb5 Qh5 $19 {transposition
}) 21. Bxc6 dxc6 22. Rg1 $18 Qe7 (22... Nxh3 23. Kxh3 Qxe3 24. fxe3 Rf2 25. g4
Rxc2 26. b3 $18 {Komodo13}) (22... Nh5 23. f4 Qe7 24. e5 Nf6 25. c4 Kh8 26.
Rad1 $18 {Komodo13}) 23. Nc4 Nh5 24. Raf1 (24. f4 e5 25. Nxe5 $18 {Komodo13}) (
24. Ne5 Rh6 25. f4 $18 {Komodo13}) 24... e5 25. Qc3 (25. Qe2 $14) 25... Re8 (
25... Re6 $14) 26. Ne3 Qe6 27. Nf5 $16 Nf6 28. Qe3 Rd8 29. Rd1 Rd4 (29... Rf8
30. Rd6 $18) 30. Nxd4 (30. Qe2 $18) 30... exd4 31. Qf4 (31. Qb3 $18) 31... Rh6
32. Qf5 Qxa2 (32... Nxe4 33. Qxe6+ Rxe6 34. Kg2 $16 {Komodo13}) 33. Ra1 (33.
Qc8+ Kf7 34. Ra1 Qe6 35. Rxa7+ {Komodo13}) 33... Qxb2 (33... Qf7) 34. Qe6+ {
[%emt 0:00:10] mate in} (34. Qc8+ {[%emt 0:00:04] mate in}) 1-0

[Event "North Wales Congress Major"]
[Site "Llandudno"]
[Date "2019.06.22"]
[Round "2.23"]
[White "Holland, Ray J"]
[Black "Lee, James"]
[Result "0-1"]
[WhiteElo "1766"]
[BlackElo "1885"]
[Annotator "kemen"]
[PlyCount "94"]
[EventDate "2019.??.??"]

{[%evp 0,69,20,20,25,24,24,29,18,12,12,0,30,8,16,15,14,-5,29,-26,-26,-12,-2,
-16,-12,-5,-17,-44,-35,-35,-55,-68,-54,-142,-21,-8,-30,9,-12,8,11,-4,8,-31,-44,
-37,-54,-97,-62,-211,-180,-169,-203,-178,-185,-173,-135,-119,-119,-142,-97,
-125,-72,-92,-110,-110,13,7,0,0,0,-163]} 1. d4 d5 2. Nf3 Nf6 3. Bf4 Bf5 4. e3
e6 5. Bd3 Bd6 {usually there comes a point in the game where Bl cannot keep
copying Wh's moves.} (5... Bxd3 {main}) 6. Bxf5 exf5 {main, 49% for Wh} (6...
Bxf4 7. Bxe6 {86% for Wh}) 7. O-O (7. Bxd6 Qxd6 {main, 50%}) 7... O-O 8. Qd3
Ne4 (8... g6 9. Nc3 c6 10. Ne2 Qc7 11. Rac1 Nbd7 12. Bxd6 Qxd6 13. c4 Ne4 $11 {
Malagar-Khan, Afro-Asian zonal ICCF 2009,1-0}) (8... Bxf4 9. exf4 g6 10. Ne5 c6
11. Nd2 Nbd7 12. Ndf3 Nh5 13. Nxd7 Qxd7 14. Ne5 Qd6 15. g3 Nf6 16. c3 {
Sladek-Loskot, CZE ch tm 2010, draw agreed}) 9. c4 Bxf4 10. exf4 Qd6 11. g3 Qa6
12. b3 (12. Na3) 12... Nc6 $15 13. Nbd2 Nb4 14. Qb1 Rad8 15. a3 Nc6 $17 {the
Bl pieces are all better placed than the Wh ones} 16. Rd1 $2 Rfe8 (16... Nc3 {
picks up an exchange}) 17. Qc2 Ne7 18. Nf1 Qh6 19. Ne3 $14 {Wh is now probing
potentially weak pawns} Qh5 20. Kg2 (20. Nh4 g5 (20... g6 $14 {is a more human
response}) 21. fxg5 f4 22. Nxd5 Nxd5 23. cxd5 fxg3 (23... Qxg5 24. Qxc7 (24.
Rac1 Re7 $11) 24... fxg3 25. hxg3 Rc8 26. Qf4 (26. Qd7 Nxg3) 26... Qxf4 27.
gxf4 Rc2 $11) 24. hxg3 Qxg5 25. Qxc7 Rc8 26. Qf4 Qxf4 27. gxf4 Rc2 $11 (27...
Nc3 28. Re1 Nxd5 29. Nf5 $11 {Komodo13})) 20... c6 21. c5 {releases the
central tension, so leaving Bl free to develop on the K side} (21. h4 Ng6 22.
Re1 $14 {then if Bl commits to the K side, Wh can open up the c file for
counterplay}) 21... Ng6 22. Rg1 {to defend the K ? Open the g file after Kf1?}
(22. Re1 {looks better}) 22... Re6 23. Ne5 $2 (23. Qd1 Nc3 24. Qd3 Ne4 25. Qd1
$11 {Komodo13}) 23... Nxe5 24. fxe5 (24. dxe5 g5 $17) 24... Rh6 $19 (24... f4
$19) 25. h4 (25. Nf1 f4 26. gxf4 Qh4 27. Ng3 Qxh2+ 28. Kf1 Rg6 $19 {Komodo13})
25... f4 26. Nf1 f3+ (26... f6 $1 {Komodo13} 27. Qd1 Qg6 28. Qd3 Rxh4 29. f3
fxe5 30. dxe5 (30. fxe4 dxe4 31. Qc4+ Rd5 $19) 30... Rf8 31. fxe4 f3+ (31...
dxe4 32. Qc4+ Kh8 33. Rh1 f3+ 34. Kg1 f2+ 35. Kg2 Rxh1 36. Kxh1 Qh5+ 37. Nh2 e3
38. g4 Qxe5 $19) 32. Kf2 Rxe4 33. Ne3 d4 34. Rae1 dxe3+ 35. Rxe3 Rxe3 36. Kxe3
(36. Qxe3 Qc2+ {mating soon}) 36... f2 (36... Qh6+) 37. Rf1 Qg5+ 38. Ke4 Qg4+
39. Ke3 Rf3+ $19) 27. Kh1 Qg4 (27... f6 $19 {Komodo13, opening more lines as
in the previous note}) (27... f5 $19 {also}) 28. Nh2 Qh3 29. Ra2 (29. Rae1 f6)
29... f5 (29... f6 {Komodo13}) (29... g5 30. Qc1 f6 31. Qe3 fxe5 32. Qxf3 exd4
33. Qg4 Qxg4 34. Nxg4 Re6 $19 {Komodo13}) 30. Qd3 (30. Qc1 Rf8 31. Qf4 Rg6 32.
Rb2 h5 33. b4 Rg4 34. Qxf3 f4 $19 {Komodo13}) 30... f4 $19 31. Qxf3 fxg3 32.
fxg3 Rf8 (32... Rg6 $1 33. Rag2 Rf8 34. Qe3 Rg4 35. e6 (35. b4 Rxh4) 35... h5 (
35... Re8) 36. b4 Re8 37. a4 Rxe6 38. b5 Reg6 $19 {Komodo13}) 33. Qg2 Qxg2+ (
33... Qc8 34. Rf1 Rg6 35. Rxf8+ Qxf8 36. Nf1 Rg4 37. Kh2 h5 $17 {Komodo13}) 34.
Kxg2 $11 Nxg3 {a neat trick, but Wh can escape} 35. Kh3 (35. Kxg3 Rg6+ 36. Ng4
h5 37. Kh2 (37. Kh3 Rf3+ $17) 37... hxg4 38. h5 Rg5 39. Kg3 Rxh5 40. Kxg4 Rhf5
41. Rag2 $11 {Komodo13}) (35. Ng4 Rg6 36. Kxg3 h5 {transposes}) 35... Nf5 (
35... Ne4 $1 36. Rgg2 (36. b4 Nf2+ 37. Kg3 Rg6+ $19) 36... g5 $19 {Komodo13})
36. Nf3 (36. Rg4 Rh5 37. Rag2 g6 38. Rf4 Ne3 39. Rxf8+ Kxf8 40. Re2 Nf5 41. Nf3
Ng7 42. b4 Ne6 43. Ra2 Rf5 44. Kg3 h5 45. a4 Rf4 46. Rd2 a6 $17 {Komodo13})
36... Ne3 $19 37. Rf2 Rf4 38. Rg3 (38. Kg3 Re4 39. Kh3 Nf5 40. Rg4 Re3 41. Rf4
g6 $19 {Wh's Q side pawns go, while his pieces are forced to defend the K})
38... Rg6 (38... Nf5 39. Rg4 Rxh4+ $1 40. Nxh4 (40. Rxh4 Nxh4 41. Kg3 Rxf3+ 42.
Rxf3 Nxf3 43. Kxf3 {the 2 mobile passed pawns will win against the single
protected passed pawn} Kf7 44. Kg4 h6 45. Kh5 a5 46. Kg4 Kg6 47. Kh4 Kf5 48.
Kg3 (48. Kh5 g5 49. b4 a4 {zugzwang}) 48... g5 49. Kg2 h5 50. Kg3 g4 51. Kh4
Kg6 52. Kg3 Kg5 53. Kf2 h4 54. Ke1 Kf5 55. Kf2 g3+ 56. Kf3 Kg6 57. Kg2 Kg5 58.
Kf3 Kf5 59. Kg2 Kg4 60. e6 h3+ 61. Kf1 Kf3 62. e7 g2+ 63. Kg1 Kg3 64. e8=Q h2#)
) 39. Rxg6 hxg6 40. Kg3 $11 Re4 (40... Rg4+ 41. Kh3 Rf4 42. Kg3) 41. Rb2 (41.
Ng5 $1 $11 {a miracle save by Komodo13} Nf5+ (41... Rxd4 42. Ne6 Rg4+ 43. Kh3
d4 (43... g5 44. Rf8+ Kh7 45. Nxg5+ Kg6 46. e6 Rg1 47. e7 (47. Nf3 Rh1+ 48. Kg3
Nf5+ 49. Rxf5 Kxf5 50. e7) 47... Rh1+ 48. Kg3 Nf5+ 49. Rxf5 Re1 50. Rf8 Rxe7
51. Kg4 $18) 44. Rf8+ Kh7 45. Ng5+ Rxg5 (45... Kh6 46. Rh8#)) 42. Rxf5 gxf5 43.
Nxe4 fxe4 44. b4 $11 {Komodo13}) 41... Nf5+ 42. Kf2 (42. Kh3 Rf4 $19) 42...
Nxd4 43. Nxd4 Rxd4 44. Re2 Rxh4 45. e6 Rh2+ 46. Ke3 Rxe2+ 47. Kxe2 Kf8 0-1

[Event "North Wales Congress Major"]
[Site "Llandudno"]
[Date "2019.06.22"]
[Round "2.24"]
[White "Fisher, Peter S"]
[Black "Williams, Duncan"]
[Result "0-1"]
[WhiteElo "1788"]
[BlackElo "1750"]
[Annotator "kemen"]
[PlyCount "76"]
[EventDate "2019.??.??"]

{[%evp 0,76,17,10,10,18,9,4,22,5,5,-15,1,-14,-8,6,6,-20,-2,25,25,-26,-15,0,0,
-191,-171,-194,-69,-256,-236,-382,-356,-368,-104,-212,-193,-203,-78,-82,-84,
-71,-70,-93,-95,-93,-96,-101,-96,-133,-96,-93,-86,-97,-70,-96,-71,-112,-112,
-216,-204,-195,-196,-205,-216,-218,-218,-401,-416,-583,-586,-871,-885,-29993,
-29992,-29997,-29998,-29999,-30000]} 1. e4 e5 2. Nf3 Nc6 3. Bb5 a6 4. Ba4 Nf6
5. O-O Be7 6. Re1 b5 7. Bb3 O-O 8. c3 d5 9. exd5 Nxd5 10. d3 {200 games} (10.
Nxe5 {accepting the Marshall Gambit has some 13,000 games in the database &
has been explored to some30 moves deep in some lines.The GMs play it for a
draw!}) (10. d4 {400 games}) 10... Bb7 (10... Bg4) 11. Nbd2 (11. Nxe5 {still
main}) 11... Nf4 12. Nxe5 (12. d4 $11 {should be played, according to the
Cloud Engines that have examined this position before}) 12... Nxe5 13. Rxe5 Bd6
(13... Nxd3 14. Rxe7 Qxe7 15. Nf1 Rad8 16. Qc2 Qe1 17. Rb1 Qe4 18. f3 Qg6 {J
Van Kemenade-A Wills, U1800 Jamboree 2012,0-1}) 14. Re3 Nxg2 15. Rh3 (15. Ne4
Nxe3 16. Bxe3 Bxe4 17. dxe4 Qh4 {Schmidt-Fels, Wuerttemberg ch Seniors,
Ellwangen 1993,0-1}) 15... Nf4 16. Rg3 Qh4 (16... Nxd3 $1 $19) (16... Ne6 $19)
17. Qg4 (17. Ne4 Nh3+ 18. Kg2 Nxf2 $19 {Komodo13}) 17... Qxg4 18. Rxg4 Rae8 (
18... h5 $19) 19. Ne4 Bxe4 20. Bxf4 Bxf4 21. Rxf4 Bxd3 $17 22. Rd1 Bg6 23. Kf1
(23. Rd7) 23... c5 24. Rd6 c4 25. Bd1 Re6 26. Rfd4 (26. Rxe6 fxe6 27. Rd4 $15)
26... Bf5 (26... Bd3+ 27. Kg2 Re1) 27. f3 Rfe8 (27... g6 {creating an escape
hatch}) 28. Rd8 Kf8 29. R8d5 Bh3+ (29... Re1+ 30. Kf2 Bd3 $19 {Komodo13}) 30.
Kf2 Rg6 31. f4 Rg2+ 32. Kf3 Rxb2 33. Kg3 Re3+ 34. Kh4 Rxh2 35. Rd8+ Ke7 36. Bg4
Bf1+ (36... Bg2+ 37. Bh3 (37. Kg5 h6+ 38. Kf5 g6#) 37... Rhxh3+ 38. Kg4 Reg3+
39. Kf5 Rh5#) 37. Kg5 h6+ 38. Kf5 g6# 0-1

[Event "North Wales Congress Major"]
[Site "Llandudno"]
[Date "2019.06.22"]
[Round "2.25"]
[White "Pinch, David"]
[Black "Banerjee, Sanjoy K"]
[Result "1-0"]
[WhiteElo "1673"]
[BlackElo "1571"]
[Annotator "kemen"]
[PlyCount "111"]
[EventDate "2019.??.??"]

{[%evp 0,111,19,31,14,-14,6,6,23,7,22,14,30,16,29,1,8,-17,-19,-18,-8,-8,-18,
-83,68,-169,-149,-150,-14,-21,67,71,66,85,85,85,94,84,94,83,104,88,123,40,36,
34,38,40,58,22,14,12,60,62,46,66,97,101,133,114,219,221,219,200,262,298,257,
229,248,208,214,217,254,252,301,317,365,303,391,303,378,389,388,230,205,291,
310,284,331,331,331,334,358,280,382,402,1301,1322,1345,1418,1960,996,28369,
29980,29981,29984,29985,29982,29993,29994,29995,29994,29995,29996]} 1. d4 Nf6
2. c4 e6 3. Nf3 b6 4. g3 Bb7 5. Bg2 d5 (5... Be7) (5... Bb4+ {main lines}) 6.
O-O Be7 7. Qc2 (7. Nc3) (7. Ne5) (7. cxd5) 7... O-O 8. Bf4 (8. cxd5) (8. Rd1)
8... Nbd7 9. Rd1 c5 10. dxc5 Bxc5 11. Nc3 Qe7 (11... dxc4 12. Bd6 (12. Nb5 Bd5
13. Nc7 Rc8 14. Nxd5 exd5 15. Ne1 b5 16. Bxd5 Qb6 17. e3 Nxd5 18. Rxd5 Nf6 19.
Rdd1 Qb7 20. Qf5 Rfe8 $15 {Summerscale-Levitt, BCF ch Swansea 1995,0-1}) (12.
Ne5 $11 {Cloud Engines}) 12... Bxd6 13. Rxd6 Qe7 14. Rad1 Bd5 15. Nxd5 exd5 16.
Rc6 Nb8 17. Rxf6 Qxf6 18. Rxd5 Nc6 $15 {Kobylkin-Tatarliev, EU ch U12,
Herculane 1994,1/2-1/2}) 12. Ne5 $2 Nxe5 13. Bxe5 Ng4 (13... Bxf2+ {Komodo13}
14. Kxf2 Ng4+ 15. Kg1 (15. Ke1) 15... Nxe5 $19 16. Kh1 (16. cxd5 Qc5+) 16...
Nxc4 17. Rd3 Ne5 18. Rd4 Rac8 19. Rad1 Rc4 20. b3 Rxd4 21. Rxd4 Qc5 22. Qd2 Rc8
23. Nd1 Qc1 24. h3 Qxd2 25. Rxd2 g6 $19 {Chicote Franco-Gonzalez Diez,
Valladollid cc 1997,1-0 (looks like Bl lost on time 4 pawns up.}) 14. Bd4 Bxd4
(14... dxc4 15. Bxb7 Qxb7 16. Bxc5 bxc5 17. Ne4 Rfd8 $14 {Komodo13}) 15. Rxd4
$16 Nf6 16. cxd5 Bxd5 17. Nxd5 Nxd5 18. Bxd5 exd5 19. Rxd5 $16 {Wh is a pawn
up, but with just major pieces, it may take a while} Rac8 20. Qd2 Qe4 21. Rd4
Rc2 {perhaps Bl should keep Qs on? Difficult to tell because Wh might get K
side attacking chances.} 22. Rxe4 Rxd2 23. Re7 {could lead to an endgame
almost impossible to win.} (23. b4 {Attacking, to keep the Bl Q side pawns
back. Wh has chances of attacking f7, Wh's f2 is safebehind the e pawn. So Wh
can probably force the win of the Bl a pawn. Also Wh can then aim to play an
a5 to get the QR into play.} Rc8 24. a4 (24. Re7 g6 25. a4 Rcc2 26. Kf1 Kf8 27.
Re4 Rd5 28. b5 $16) 24... Kf8 25. b5 Rcc2 26. Kf1 $16 {although it will still
take a great deal of patience to get the win}) 23... a5 (23... Rxb2 24. Rxa7
Rxe2 25. Rb1 Re6 26. Rb7 g6 27. R7xb6 Rxb6 28. Rxb6 Ra8 29. Rb2 Ra3 {is a
drawn position, very similar to R van Kemenade-Camp final position in the Open
event in rd3.By the time the Wh K gets to help its a pawn forward, the Bl K
will come racing down towards the K side pawns ( & if need be give up the R
for the a pawn & win on the K side in the absence of the Wh K)}) 24. b3 (24. b4
{is Komodo13, but then this liqidates all the Q side pawns, & R & 4 pawns vs
R&3 all on the same is also mostly drawn} axb4 25. Rb1 Rxa2 26. Rxb4 Ra6 27.
Rb7 g6 28. R4xb6 Rxb6 29. Rxb6) 24... Rc8 {this is beginning to look drawn, as
Bl cotrols the only open file} 25. Rb7 Rd6 (25... h6 26. Rxb6 Rxe2 27. a4 Rcc2
28. Rf1 Rb2 29. Rb5 $11 {Wh's extra pawn on the Q side will be unable to
advance very far}) 26. a3 (26. a4) 26... h6 27. Ra2 f5 (27... Rc3 28. b4 a4 {
fixes the a3 pawn as a weakness. Komodo13 still prefers Wh, but the Wh Rs are
uncordinated. In order to make use of the extra pawn Wh needs to advance on
the K side, but any little weakness there could be pounced upon by the 2 Bl Rs
combining}) 28. b4 axb4 $6 {surely wrong as it liberates a Wh R for action
along the 7th.} (28... a4 {as in the last note , is called for} 29. b5 {
Komodo13, so just following down one possibible scenario, nudging Komodo13
along at times} Rc5 30. Ra7 Rc4 31. e3 Kh7 32. Kg2 Kg6 33. Kf3 Kf6 34. Ke2 Rd5
35. Rb2 g5 {Komodo13,but it creates a weakess on h6- so Bl is best sitting
waiting with his Rs} 36. Ra6 Rd6 37. Rd2 Re6 38. Kf3 g4+ {this creates a
blockade, but as noted earlier it may be a mistake for Bl to advance the K
side pawns} 39. Kg2 Rc5 40. Rxa4 Rxb5 41. h3 h5 42. Ra8 Ra5 43. Rh8 (43. Rxa5
bxa5 44. Rd5 a4 45. Ra5 Re4 46. h4 {given by Komodo123 as winning, but its
just totting up pawns, as 20 moves later it still hasn't found the
breakthrough.}) 43... gxh3+ 44. Kxh3 Rxa3 45. Rd5 Ra5 46. Rf8+ Kg6 47. Rfxf5
Rxd5 48. Rxd5 {and finally this is a position that Wh should win comfortably})
29. axb4 g5 $2 {Now the Bl K has no evacuation chances from the back rankBl
had to be able as a last resort to defend g7 with the R at g6. Even Kh7, & Rg8,
running the K out via g6 must be a better idea. However the real difficulty
was created by letting the a R straight onto the 7th} 30. Ra6 $18 (30. Raa7 $18
{is even better, to force Bl onto the defensive & pick off pawns later} Rg6 (
30... Rf6 31. Kg2 Kf8 32. b5 Rd8 33. e3 Re8 34. Rh7 Kg8 35. Rag7+ Kf8 36. Rh8+
{Rudy, one of those standard tricks, though Wh can always prepare it for
maximum effect} Kxg7 37. Rxe8 Rd6 38. Rc8 Rd5 39. Rc7+ Kg8 40. Rc6 Rxb5 41.
Rxh6 Kg7 42. Rc6 g4 43. h4 gxh3+ 44. Kxh3 Rb4 45. f4 Re4 46. Rc3 Kf6 47. g4
fxg4+ 48. Kxg4 Re8 {[%emt 0:00:52] and Lomonosov tablebases confirm that Wh
mates in} (48... b5 49. Rc6+ Ke7 50. Kf3 {is much easier for Wh}) 49. Rc6+ Kf7
(49... Re6 50. Rxe6+ Kxe6 51. Kf3 {the Wh K catches the b pawn}) 50. Kf3 Rb8
51. Rc4 b5 52. Rb4 Ke6 53. e4 {etc}) 31. Kg2 Re8 32. Ra6 Rf6 33. e3 g4 34. b5
Ree6 35. Ra8+ Rf8 36. Raa7 Rff6 37. h3 gxh3+ (37... h5 38. h4 {and the h5 pawn
will drop of at some point})) 30... g4 31. Rbxb6 {should be enough to win with
a spare pawn on both wings} (31. Raa7 {still preferred by Komodo13}) 31... Rd1+
(31... Rxb6 32. Rxb6 Kg7 33. Rb7+ Kf6 34. e3 Rc1+ 35. Kg2 Rb1 {is safer, but
inevitable for Bl} 36. h4 Kg6 37. b5 Kf6 38. b6 Kg6 39. Rb8 Kh7 40. f4 {now
Wh's K can approach the R via the 2nd or first rank, while the Bl K has to
stay on g7 or h7 to prevent the Wh R from swinging away with gain of time for
the b pawn to Q.} (40. h5) (40. b7 {are good preparatory moves}) 40... gxf3+
41. Kxf3 Rb4 42. h5 Kg7 43. b7 Kh7 44. g4 {nice idea from Komodo13, forcing
another passed pawn} Rb5 45. Kf4 fxg4 46. Kxg4 Rg5+ 47. Kf4 Rb5 48. e4 {and
its just about all over}) 32. Kg2 Rcc1 {threatens mate, but Wh has several
solutions} 33. Rg6+ (33. Ra8+ Kf7 34. Ra7+ Ke8 35. Rb8+ Rd8 36. Rxd8+ {Rudy} (
36. Rbb7 {Komodo13 prefers to torture Bl}) 36... Kxd8 37. Rf7 Rb1 38. Rxf5 Rxb4
39. Rf4 Rb2 40. e3 {Rudy} (40. Rxg4 Rxe2 41. Rg6 {Komodo13}) 40... h5 41. Rf5
$18 {and Bl loses his last 2 pawns}) 33... Kf8 34. Raf6+ Ke7 35. f4 Rd2 (35...
Rg1+ 36. Kf2 Rh1 37. Rxh6 Rxh2+ 38. Rxh2 Kxf6 39. Rh6+ Kf7 40. b5 Rb1 41. b6 {
and the Wh K gets to e5 or c5}) 36. Kf2 (36. Re6+ Kd8 37. Rxh6 {Bl again
losing all the K side pawns}) 36... Rcc2 37. Re6+ Kf7 38. b5 {may as well keep
this asset} Rb2 39. b6 Rd3 40. Rxh6 Kg7 41. Rc6 (41. Rh5) 41... Rf3+ 42. Ke1 (
42. Kg2 $2 {White could of course still lose the game} Rxe2+ 43. Kg1 Rfe3 44.
Rhg6+ Kf7 45. Rxg4 fxg4 46. Rc1 Re1+ 47. Rxe1 Rxe1+ 48. Kf2 Rb1) 42... Re3 43.
Rhd6 (43. Kd1) 43... Rbxe2+ 44. Kd1 Re1+ 45. Kc2 R3e2+ 46. Rd2 Re6 47. Rd7+ (
47. Rxe6 Rxe6 48. Rd7+ Kf6 49. b7) 47... Kf8 48. Rc8+ Re8 49. b7 R1e6 50. Rdc7
(50. b8=Q Rc6+ 51. Rxc6 Rxb8 52. Rc5) 50... Re2+ 51. Kc3 R2e7 52. Rxe7 Kxe7 53.
Rxe8+ Kd7 54. b8=Q Kc6 55. Qe5 Kd7 56. Re6 1-0

[Event "North Wales Congress Major"]
[Site "Llandudno"]
[Date "2019.06.22"]
[Round "2.26"]
[White "Gamble, Raymond J"]
[Black "Hirst, Joe"]
[Result "1/2-1/2"]
[WhiteElo "1852"]
[BlackElo "1604"]
[Annotator "kemen"]
[PlyCount "47"]
[EventDate "2019.??.??"]

{[%evp 0,47,26,37,37,29,49,-5,20,23,47,14,20,19,41,21,33,28,30,15,8,-32,87,71,
133,62,82,59,67,51,58,39,41,32,32,28,22,27,25,22,32,32,26,31,29,18,30,34,31,29]
} 1. d4 Nf6 2. Nf3 g6 3. Nbd2 Bg7 4. e4 d6 5. Bc4 (5. Bd3) (5. c3) 5... O-O 6.
O-O c6 {50%} (6... Nc6 {42% Wh}) (6... Nxe4 {48% Wh}) 7. c3 Nbd7 8. Re1 Qc7 (
8... e5 {main}) 9. Bb3 (9. e5 $14 dxe5 10. dxe5 Ng4 11. e6 Nde5 12. exf7+ Kh8
13. Qe2 $18 {Mondaini-Schmalz,Imperia op 1967,1-0}) 9... e5 10. Nc4 (10. dxe5 {
main} dxe5 11. Nc4 b5 (11... Ne8) 12. Qd6 Qxd6 13. Nxd6 $18 Ne8 14. Nxc8 (14.
Bxf7+ Rxf7 15. Nxe8 $18) 14... Rxc8 15. Be3 $16 {Gamble(2075)-Bennett, J (2132)
Southend op 1999,1/2-1/2}) 10... Ne8 (10... b5 11. dxe5 dxe5 12. Qd6 Qxd6 13.
Nxd6 {transposes to the game cited above, or to} h6 14. a4 (14. Nh4) 14... Nc5
15. Ba2 bxa4 16. Nxe5 $18 {Trezza-Tizzoni, ITA ch tm 2004,1-0}) 11. Bg5 Nb6 (
11... b5 $11 {Stockfish9 & Komodo13}) 12. dxe5 (12. Nxb6 axb6 (12... Qxb6 13.
Be7 $18) 13. dxe5 Bxe5 (13... dxe5 14. Bd8) 14. Nxe5 dxe5 15. Bd8 Bg4 16. Bxc7
Bxd1 17. Bxe5 Bxb3 18. axb3 Rxa1 19. Rxa1 $18 {Komodo13}) 12... Nxc4 13. Bxc4
dxe5 14. Bb3 Nf6 15. h3 (15. Qd2) 15... h6 $11 16. Bxf6 Bxf6 17. Qd2 Kg7 18.
Rad1 Rd8 19. Qe3 a5 20. Rxd8 Qxd8 21. Rd1 Qe7 22. a4 Be6 23. Bxe6 Qxe6 24. Qb6
$11 1/2-1/2